000 00333nam a2200145Ia 4500
100 _aBranden Nathaniel
942 _cBK
654 _aSix pillars of self esteem
245 _aThe Six Pillars of Self esteem
260 _bBantam
_aNew york
_c1994
082 _a158.1
_bBRA
300 _a341
546 _aENGLISH
999 _c25550
_d25550